000 00391nam a2200145 i 4500
001 36135
003 ES-MaACL
007 t|
008 030217s1912 gw ||||1| ger d
100 1 _aBretholz, Bertold.
_931622
245 1 0 _aLateinische palèaographie /
_cvon Bertold Bretholz.
260 _aLeipzig :
_bB.G. Tenbner,
_c1912.
300 _a112 p. ;
_c27 cm.
852 _aES-MaACL
_jG-15703
999 _c36135
_d36135